Central Library OPAC University of Rajshahi

Study on post training utilization of sewing courses for women / (Record no. 67241)

MARC details
000 -LEADER
fixed length control field 00890nam a2200253 a 4500
001 - CONTROL NUMBER
control field 67241
003 - CONTROL NUMBER IDENTIFIER
rucl marc code BD-RjUL
005 - DATE AND TIME OF LATEST TRANSACTION
control field 20211209081629.0
008 - FIXED-LENGTH DATA ELEMENTS--GENERAL INFORMATION
fixed length control field 170323s2010 bg ad||| |||| 000 0 eng d
020 ## - INTERNATIONAL STANDARD BOOK NUMBER
International Standard Book Number 9847015300166
035 ## - SYSTEM CONTROL NUMBER
System control number (BD-RjUL)67372
040 ## - CATALOGING SOURCE
Original cataloging agency BD-RjUL
Language of cataloging eng
Transcribing agency BD-RjUL
041 ## - LANGUAGE CODE
Language code of text/sound track or separate title eng
082 ## - DEWEY DECIMAL CLASSIFICATION NUMBER
Edition number 23
Classification number 331.4095492
Author mark and year STU 2010
245 10 - TITLE STATEMENT
Title Study on post training utilization of sewing courses for women /
Statement of responsibility, etc. Swapan Kumar Dasgupta ... [et. al.]
260 ## - PUBLICATION, DISTRIBUTION, ETC. (IMPRINT)
Place of publication, distribution, etc. Comilla :
Name of publisher, distributor, etc. Bangladesh Academy for Rural Development (BARD),
Date of publication, distribution, etc. 2010.
300 ## - PHYSICAL DESCRIPTION
Pagination viii, 66 p. :
Illustrations ill.;
Size 22 cm.
504 ## - BIBLIOGRAPHY, ETC. NOTE
Bibliography, etc Includes reference.
650 ## - SUBJECT ADDED ENTRY--TOPICAL TERM
Source of heading or term Rural women
General subdivision Employment
Geographic subdivision Bangladesh.
9 (RLIN) 199219
Topical term or geographic name as entry element Rural women
General subdivision Social conditions.
Geographic subdivision Bangladesh
9 (RLIN) 199220
Topical term or geographic name as entry element Rural women
General subdivision Employment.
9 (RLIN) 199221
700 ## - ADDED ENTRY--PERSONAL NAME
Personal name Dasgupta, Swapan Kumar ... [et. al.]
942 ## - ADDED ENTRY ELEMENTS (KOHA)
Source of classification or shelving scheme Dewey Decimal Classification
Koha item type Books
Holdings
Lost status Source of classification or shelving scheme Damaged status Not for loan Collection code Permanent Location Current Location Shelving location Date acquired Source of acquisition Cost, normal purchase price Total Checkouts Full call number Date last seen Copy number Koha item type
  Dewey Decimal Classification   Not For Loan Non-fiction Central Library, University of Rajshahi Central Library, University of Rajshahi Reading Room 19/05/2011 Kumilla, BARD. 100.00   331.4095492 STU 2010 23/03/2017 C-1 Books